000 00986nam a22002297a 4500
999 _c61351
_d61351
005 20251125233055.0
008 s2552 th tha d
020 _a9789743007934
040 _aNALT
041 _atha
050 _aHV 8453.55 ช485ศ 2552
100 0 _aชาญชัย นิ่มสมบุญ
245 1 0 _aศิลปะสื่ออารมณ์ของคนคุก
260 3 _aกรุงเทพฯ :
_bคิงแรท,
_c2552
300 _a187 หน้า :
_b ภาพประกอบ ;
_c 21 ซม.
650 0 4 _aเรือนจำกลางบางขวาง
650 0 4 _aเรือนจำกลางบางขวาง -- ผู้ต้องขัง
850 _aNALT
856 4 0 _uhttps://hdl.handle.net/20.500.14156/338029
_71
942 _cGB
_2lcc
_01
998 _j111
_k นางสาวพจพิณ พรมเอี่ยม